[Event "RA September Active"]
[Site "Ottawa CAN"]
[Date "2004.09.12"]
[Round "4"]
[White "Gelblum, Robert"]
[Black "Pacey, Kevin"]
[Result "0-1"]
[WhiteElo "2130"]
[BlackElo "2204"]
[PlyCount "63"]
[GameId "2160767911069334"]
[EventDate "2004.09.12"]
[EventType "swiss (rapid)"]
[EventRounds "4"]
[EventCountry "CAN"]

1. e4 c5 2. Nf3 e6 3. d4 cxd4 4. Nxd4 a6 5. Nc3 b5 6. Bd3 Qb6 7. Be3 Bc5 8. e5 Nc6 9. Qg4 Kf8 10. Nxc6 Bxe3 11. fxe3 Qxe3+ 12. Be2 dxc6 13. Rf1 Nh6 14. Qh4 Bd7 15. Rd1 Ke8 16. Ne4 Nf5 17. Nd6+ Nxd6 18. exd6 g5 19. Qh6 Qe5 20. c3 Ra7 21. Rf3 c5 22. Rg3 Rg8 23. Qxh7 Rh8 24. Qd3 Rxh2 25. Kd2 c4 26. Qf3 Qxd6+ 27. Kc2 Qf4 28. Qxf4 gxf4 29. Rg8+ Ke7 30. Bf3 Rc7 31. Ra8 Bc6 32. Bxc6 0-1

[Event "RA Spring Frost"]
[Site "Ottawa CAN"]
[Date "2004.02.26"]
[Round "1"]
[White "Djerkovic, Miladin"]
[Black "Pacey, Kevin"]
[Result "1-0"]
[WhiteElo "2281"]
[BlackElo "2204"]
[PlyCount "53"]
[GameId "2160767911183712"]
[EventDate "2004.02.26"]
[EventType "tourn"]
[EventRounds "6"]
[EventCountry "CAN"]

1. e4 e6 2. d4 d5 3. Nc3 Bb4 4. e5 c5 5. a3 Ba5 6. b4 cxd4 7. Qg4 Ne7 8. Qxg7 Rg8 9. Qxh7 dxc3 10. bxa5 Nbc6 11. Nf3 Qc7 12. Bf4 Bd7 13. Bg3 O-O-O 14. Bd3 Qxa5 15. O-O Nf5 16. Bxf5 exf5 17. Qh6 Rg6 18. Qe3 Rdg8 19. Nd4 Qa4 20. Rad1 f4 21. Qxf4 Rg4 22. Qxf7 Nxd4 23. Rxd4 Qxd4 24. e6 Qa4 25. Re1 Qc6 26. exd7+ Qxd7 27. Re7 1-0

[Event "RA Spring Frost"]
[Site "Ottawa CAN"]
[Date "2004.03.04"]
[Round "2"]
[White "Pacey, Kevin"]
[Black "Patterson, Roger"]
[Result "1/2-1/2"]
[WhiteElo "2204"]
[BlackElo "2226"]
[PlyCount "55"]
[GameId "2160767911183713"]
[EventDate "2004.02.26"]
[EventType "tourn"]
[EventRounds "6"]
[EventCountry "CAN"]

1. f4 d5 2. Nf3 Nf6 3. g3 g6 4. Bg2 Bg7 5. O-O O-O 6. d3 c5 7. c3 Nc6 8. Na3 Re8 9. Ne5 Nd7 10. Nxc6 bxc6 11. e4 Bb7 12. g4 e6 13. e5 f6 14. exf6 Bxf6 15. Qf3 Bg7 16. Kh1 e5 17. Bd2 Kh8 18. Rae1 exf4 19. Rxe8+ Qxe8 20. Re1 Qf7 21. Bxf4 Re8 22. Rxe8+ Qxe8 23. Nc2 Kg8 24. h3 Be5 25. Qe3 Kf7 26. d4 cxd4 27. cxd4 Bf6 28. g5 1/2-1/2

[Event "RA Spring Frost"]
[Site "Ottawa CAN"]
[Date "2004.03.11"]
[Round "3"]
[White "Veltmann, Alfred"]
[Black "Chan, Michael"]
[Result "1-0"]
[WhiteElo "1608"]
[BlackElo "1634"]
[PlyCount "59"]
[GameId "2160767911183714"]
[EventDate "2004.02.26"]
[EventType "tourn"]
[EventRounds "6"]
[EventCountry "CAN"]

1. e4 e5 2. Nf3 Nc6 3. Bb5 Bc5 4. O-O Nge7 5. c3 a6 6. Ba4 b5 7. Bc2 O-O 8. b4 d6 9. bxc5 dxc5 10. d3 b4 11. Be3 Qd6 12. d4 cxd4 13. cxd4 Bg4 14. d5 Nd4 15. Bxd4 exd4 16. h3 Bh5 17. g4 Bg6 18. Qxd4 Nxd5 19. e5 Qc6 20. Bb3 Rad8 21. Qc4 Qb7 22. Nh4 Bd3 23. Qxd3 g5 24. Bc2 f5 25. exf6 Nxf6 26. Qc4+ Nd5 27. Nf5 a5 28. Ne7+ Kg7 29. Nxd5 Rf3 30. Qe4 1-0

[Event "RA Spring Frost"]
[Site "Ottawa CAN"]
[Date "2004.03.11"]
[Round "3"]
[White "Voloaca, Mihnea"]
[Black "Pacey, Kevin"]
[Result "1/2-1/2"]
[WhiteElo "2248"]
[BlackElo "2184"]
[PlyCount "71"]
[GameId "2160767911183715"]
[EventDate "2004.02.26"]
[EventType "tourn"]
[EventRounds "6"]
[EventCountry "CAN"]

1. g3 d5 2. Bg2 c5 3. Nf3 Nc6 4. O-O Nf6 5. d3 g6 6. Nbd2 Bg7 7. e4 O-O 8. Re1 e5 9. exd5 Nxd5 10. Nc4 Re8 11. a4 h6 12. c3 Bf5 13. Nh4 Be6 14. Qe2 Qd7 15. Be3 Nxe3 16. Nxe3 Rad8 17. Nc4 Bg4 18. Qe3 g5 19. Nf3 Qxd3 20. Qxd3 Rxd3 21. Ne3 Be6 22. Bf1 Rdd8 23. Red1 e4 24. Nd2 f5 25. Bc4 Ne5 26. Bxe6+ Rxe6 27. Nb3 Rxd1+ 28. Rxd1 f4 29. Rd8+ Kh7 30. Nf5 b6 31. Nd2 Nf7 32. Rd7 Kg6 33. Ne7+ Kh7 34. Nf5 Kg6 35. Ne7+ Kh7 36. Nf5 1/2-1/2

[Event "RA Spring Frost"]
[Site "Ottawa CAN"]
[Date "2004.03.18"]
[Round "4"]
[White "Pacey, Kevin"]
[Black "Djerkovic, Miladin"]
[Result "1/2-1/2"]
[WhiteElo "2184"]
[BlackElo "2282"]
[PlyCount "57"]
[GameId "2160767911183716"]
[EventDate "2004.02.26"]
[EventType "tourn"]
[EventRounds "6"]
[EventCountry "CAN"]

1. e4 e5 2. Nf3 Nc6 3. Bc4 Bc5 4. b4 Bxb4 5. c3 Be7 6. d4 Na5 7. Nxe5 Nxc4 8. Nxc4 d5 9. exd5 Qxd5 10. Ne3 Qd8 11. Ba3 Nf6 12. O-O O-O 13. Bxe7 Qxe7 14. c4 c5 15. d5 Ne8 16. Nc3 Nd6 17. a4 Bd7 18. Re1 Qh4 19. Qb3 Rae8 20. Re2 f5 21. g3 Qh5 22. f4 Re7 23. Rae1 Rfe8 24. Qc2 b6 25. Qd3 Qf3 26. Rf1 Qh5 27. Rfe1 Qf3 28. Rf1 Qh5 29. Rfe1 1/2-1/2

[Event "RA Spring Frost"]
[Site "Ottawa CAN"]
[Date "2004.03.25"]
[Round "4"]
[White "Veltmann, Alfred"]
[Black "Chyurlia, Jerome"]
[Result "1/2-1/2"]
[WhiteElo "1608"]
[BlackElo "1598"]
[PlyCount "82"]
[GameId "2160767911183717"]
[EventDate "2004.02.26"]
[EventType "tourn"]
[EventRounds "6"]
[EventCountry "CAN"]

1. e4 e5 2. Nf3 Nc6 3. Bb5 a6 4. Ba4 Nf6 5. O-O Be7 6. Re1 b5 7. Bb3 d6 8. c3 Bg4 9. d3 Na5 10. Bc2 c5 11. Bg5 Qc7 12. Nbd2 Nc6 13. h3 Be6 14. Nf1 O-O 15. Ne3 Ne8 16. Bxe7 Nxe7 17. Ng5 Ng6 18. Bb3 Qe7 19. Nxe6 fxe6 20. Qg4 Nf4 21. Rad1 Nf6 22. Qh4 Kh8 23. g4 Qe8 24. Ng2 Ng6 25. Qg3 Ra7 26. Rf1 d5 27. Qe3 d4 28. Qg3 a5 29. f4 exf4 30. Nxf4 Nxf4 31. Rxf4 a4 32. Bc2 b4 33. Rdf1 Raf7 34. Bd1 Nd7 35. Rxf7 Rxf7 36. Rxf7 Qxf7 37. Qd6 dxc3 38. bxc3 h5 39. Kg2 e5 40. cxb4 Qxa2+ 41. Kg3 Qf7 1/2-1/2

[Event "RA Spring Frost"]
[Site "Ottawa CAN"]
[Date "2004.03.25"]
[Round "5"]
[White "Patterson, Roger"]
[Black "Pacey, Kevin"]
[Result "0-1"]
[WhiteElo "2212"]
[BlackElo "2184"]
[PlyCount "44"]
[GameId "2160767911183718"]
[EventDate "2004.02.26"]
[EventType "tourn"]
[EventRounds "6"]
[EventCountry "CAN"]

1. e4 Nc6 2. Nf3 d6 3. d4 Nf6 4. Nbd2 Bg4 5. c3 e6 6. Bd3 Be7 7. Qc2 e5 8. Bb5 Nd7 9. h3 Bh5 10. Bxc6 bxc6 11. Qa4 exd4 12. cxd4 c5 13. dxc5 O-O 14. cxd6 Bxd6 15. O-O Re8 16. Re1 Rb8 17. Qa5 Bxf3 18. Nxf3 Bb4 19. Qxa7 Bxe1 20. Nxe1 Rxe4 21. Be3 Nb6 22. Nf3 Ra4 0-1

[Event "RA Spring Frost"]
[Site "Ottawa CAN"]
[Date "2004.03.30"]
[Round "5"]
[White "Veltmann, Alfred"]
[Black "Abt, Michael"]
[Result "1-0"]
[WhiteElo "1608"]
[BlackElo "1647"]
[PlyCount "109"]
[GameId "2160767911183719"]
[EventDate "2004.02.26"]
[EventType "tourn"]
[EventRounds "6"]
[EventCountry "CAN"]

1. d4 e6 2. c4 c5 3. Nf3 cxd4 4. Nxd4 Nc6 5. e3 Bc5 6. Be2 Qh4 7. Nb5 Bb6 8. Qd6 a6 9. Nc7+ Bxc7 10. Qxc7 Nf6 11. Nc3 O-O 12. O-O Re8 13. b3 Re7 14. Ba3 Ne8 15. Bxe7 Qxe7 16. Qf4 Nf6 17. Rfd1 e5 18. Qg3 d6 19. Nd5 Nxd5 20. Rxd5 Nb4 21. Rd2 Bf5 22. Qf3 Bg6 23. a3 Nc6 24. Qd5 Rd8 25. Rad1 e4 26. b4 Qc7 27. c5 h6 28. cxd6 Qb8 29. f3 Qa7 30. Kf2 exf3 31. Bxf3 Re8 32. Qc5 Qb8 33. Bxc6 bxc6 34. Qxc6 Rd8 35. Rd4 Kh7 36. R1d2 Bf5 37. Qc7 Qa8 38. Qxf7 Rf8 39. Qe7 Bg6+ 40. Rf4 Re8 41. Qc7 Rc8 42. Qb6 Rb8 43. Qd4 Rd8 44. e4 Rd7 45. e5 Qe8 46. Kg3 Qe6 47. Qd5 Qe8 48. e6 Rd8 49. e7 Rb8 50. Rf8 Qb5 51. Qxb5 Rxb5 52. d7 Rg5+ 53. Kf2 Be4 54. g3 Rh5 55. Kg1 1-0

[Event "RA Spring Frost"]
[Site "Ottawa CAN"]
[Date "2004.04.01"]
[Round "6"]
[White "Pacey, Kevin"]
[Black "Voloaca, Mihnea"]
[Result "1/2-1/2"]
[WhiteElo "2184"]
[BlackElo "2248"]
[PlyCount "45"]
[GameId "2160767911183720"]
[EventDate "2004.02.26"]
[EventType "tourn"]
[EventRounds "6"]
[EventCountry "CAN"]

1. e4 e5 2. Nf3 Nc6 3. Bc4 Bc5 4. b4 Bxb4 5. c3 Bd6 6. d4 Nf6 7. O-O O-O 8. Re1 h6 9. Nbd2 Re8 10. Bd3 exd4 11. cxd4 Bf8 12. d5 Nb4 13. Bf1 a5 14. Bb2 d6 15. a3 Na6 16. Bb5 Bd7 17. Bxf6 gxf6 18. Bxd7 Qxd7 19. Nd4 Kh7 20. Qf3 Nc5 21. Nf1 Re5 22. Ng3 Rg5 23. Nh5 1/2-1/2

[Event "RA Spring op"]
[Site "Ottawa CAN"]
[Date "2004.03.06"]
[Round "2"]
[White "Pacey, Kevin"]
[Black "Laszlo, Robert"]
[Result "1-0"]
[WhiteElo "2204"]
[BlackElo "1824"]
[PlyCount "53"]
[GameId "2160767911183603"]
[EventDate "2004.03.06"]
[EventType "swiss"]
[EventRounds "5"]
[EventCountry "CAN"]

1. d4 d5 2. c4 c6 3. e3 Nf6 4. Nc3 a6 5. Bd3 Bg4 6. Nge2 e6 7. h3 Bh5 8. Qb3 Qc7 9. Nf4 Bg6 10. Nxg6 hxg6 11. Bd2 Nbd7 12. cxd5 exd5 13. Rc1 Qb6 14. Qxb6 Nxb6 15. Ne2 Bd6 16. f3 Nh5 17. Kf2 Kd7 18. e4 dxe4 19. fxe4 f5 20. e5 Be7 21. g4 Bh4+ 22. Kg2 fxg4 23. hxg4 Raf8 24. Rcf1 Rxf1 25. Rxf1 Ng3 26. Nxg3 Nd5 27. Rh1 1-0

[Event "RA Spring op"]
[Site "Ottawa CAN"]
[Date "2004.03.06"]
[Round "3"]
[White "Schleifer, Michael"]
[Black "Pacey, Kevin"]
[Result "1-0"]
[WhiteElo "2362"]
[BlackElo "2204"]
[PlyCount "81"]
[GameId "2160767911183604"]
[EventDate "2004.03.06"]
[EventType "swiss"]
[EventRounds "5"]
[EventCountry "CAN"]

1. c4 e6 2. g3 d5 3. Bg2 c5 4. Nf3 Nc6 5. O-O Nf6 6. d4 Be7 7. dxc5 Bxc5 8. cxd5 exd5 9. Bg5 d4 10. Qc2 Bb6 11. Na3 h6 12. Bxf6 Qxf6 13. Nc4 Bc7 14. e3 dxe3 15. Nxe3 Be6 16. Nd2 O-O 17. Ne4 Qg6 18. Nc5 Qxc2 19. Nxc2 Rab8 20. Rfd1 Be5 21. Nxe6 fxe6 22. Rab1 Rfd8 23. Bxc6 bxc6 24. b3 Kf7 25. Kf1 Rxd1+ 26. Rxd1 Ke7 27. Ne3 Bc7 28. Rc1 Kd7 29. Rc4 Bd8 30. Ra4 Bb6 31. Rg4 Rg8 32. Nc4 Bc7 33. Ke2 Ke7 34. Nb2 Be5 35. Nd3 Bd6 36. h4 Kd7 37. h5 Ke7 38. Ke3 Kd7 39. Ke4 Kc7 40. Rg6 Kd7 41. Ne5+ 1-0

[Event "RA Spring op"]
[Site "Ottawa CAN"]
[Date "2004.03.07"]
[Round "4"]
[White "Pacey, Kevin"]
[Black "Kuryliw, Ray"]
[Result "0-1"]
[WhiteElo "2204"]
[BlackElo "2003"]
[PlyCount "54"]
[GameId "2160767911183605"]
[EventDate "2004.03.06"]
[EventType "swiss"]
[EventRounds "5"]
[EventCountry "CAN"]

1. e4 e6 2. d4 d5 3. Nc3 Bb4 4. e5 c5 5. a3 Bxc3+ 6. bxc3 Ne7 7. Qg4 Qc7 8. Qxg7 Rg8 9. Qxh7 Nbc6 10. Nf3 cxd4 11. Kd1 Bd7 12. Ng5 Rf8 13. f4 Nf5 14. Bd3 Nce7 15. Qh5 O-O-O 16. Nh7 Rg8 17. g4 Qxc3 18. gxf5 Qxa1 19. Qxf7 Nxf5 20. Bxf5 exf5 21. e6 Be8 22. Qxf5 Bg6 23. Qh3 Kb8 24. f5 Bxh7 25. Qxh7 d3 26. cxd3 Rc8 27. Qh6 Rg2 0-1

[Event "RA Spring op"]
[Site "Ottawa CAN"]
[Date "2004.03.07"]
[Round "5"]
[White "McGraw, Colin"]
[Black "Pacey, Kevin"]
[Result "0-1"]
[WhiteElo "2004"]
[BlackElo "2204"]
[PlyCount "59"]
[GameId "2160767911183606"]
[EventDate "2004.03.06"]
[EventType "swiss"]
[EventRounds "5"]
[EventCountry "CAN"]

1. d4 d5 2. c4 e6 3. Nf3 c5 4. cxd5 exd5 5. e3 Nc6 6. Nc3 Nf6 7. Be2 Be7 8. dxc5 Bxc5 9. O-O O-O 10. a3 Re8 11. b4 Bb6 12. Qc2 Be6 13. Bb2 Rc8 14. Qb1 Qe7 15. Nb5 Ne4 16. Rc1 Bg4 17. Qd3 Bxf3 18. Bxf3 Nxf2 19. Qc3 Qg5 20. Nd6 Rxe3 21. Qxg7+ Qxg7 22. Bxg7 Ne4 23. Kf1 Nd2+ 24. Kf2 Rxf3+ 25. Ke2 Rf2+ 26. Kd3 Rd8 27. Nxb7 Kxg7 28. Rxc6 Re8 29. Ra2 Re3+ 30. Kc2 0-1

[Event "RA Summer Pickup #1"]
[Site "Ottawa CAN"]
[Date "2004.05.06"]
[Round "1"]
[White "Pacey, Kevin"]
[Black "Kuryliw, Ray"]
[Result "1/2-1/2"]
[WhiteElo "2201"]
[BlackElo "2019"]
[PlyCount "135"]
[GameId "2160767911158238"]
[EventDate "2004.05.06"]
[EventType "swiss"]
[EventRounds "6"]
[EventCountry "CAN"]

1. e4 e6 2. d4 d5 3. Nc3 Bb4 4. e5 c5 5. a3 Bxc3+ 6. bxc3 Ne7 7. a4 Bd7 8. Nf3 Nbc6 9. Be2 Qa5 10. O-O Nf5 11. Bd2 Qc7 12. dxc5 Nxe5 13. Nd4 Nxd4 14. cxd4 Nc4 15. Bg5 Bc6 16. Qc1 b6 17. cxb6 axb6 18. Bf4 Qd7 19. Bg3 O-O 20. Qg5 Bxa4 21. Rac1 Rac8 22. Qg4 Nd2 23. Rfd1 Ne4 24. Bd3 Nxg3 25. hxg3 Bb5 26. Qe2 Bxd3 27. Qxd3 Rc4 28. Rb1 b5 29. Rb3 Rfc8 30. Rdb1 Rxc2 31. Rxb5 Rc1+ 32. Rxc1 Rxc1+ 33. Kh2 g6 34. Rb8+ Rc8 35. Qb3 Qc7 36. Rxc8+ Qxc8 37. Qb6 Qf8 38. f4 Qe7 39. Kg1 Kg7 40. Qb8 Qf6 41. Qa7 Qf5 42. Qb6 Qe4 43. Kh2 h6 44. Qc5 g5 45. fxg5 hxg5 46. Qb6 Qf5 47. Qb8 Qf6 48. Qa7 e5 49. dxe5 Qxe5 50. Qc5 f6 51. Qa7+ Kg6 52. Qa8 d4 53. Qg8+ Kf5 54. Qh7+ Ke6 55. Qg8+ Kd6 56. Qd8+ Kc5 57. Qa5+ Kc4 58. Qa4+ Kd3 59. Qd1+ Ke3 60. Qe1+ Kd3 61. Qd1+ Kc3 62. Qc1+ Kb4 63. Qb2+ Kc5 64. Qa3+ Kd5 65. Qa8+ Ke6 66. Qg8+ Ke7 67. Qg7+ Kd6 68. Qf8+ 1/2-1/2

[Event "RA Summer Pickup #1"]
[Site "Ottawa CAN"]
[Date "2004.05.06"]
[Round "1"]
[White "Peters, Romy"]
[Black "Veltmann, Alfred"]
[Result "0-1"]
[WhiteElo "1378"]
[BlackElo "1629"]
[PlyCount "89"]
[GameId "2160767911158239"]
[EventDate "2004.05.06"]
[EventType "swiss"]
[EventRounds "6"]
[EventCountry "CAN"]

1. e4 e5 2. Nf3 Nc6 3. Nc3 Be7 4. Bc4 Nf6 5. d4 d6 6. dxe5 Nxe5 7. Nxe5 dxe5 8. Qxd8+ Bxd8 9. Bg5 c6 10. O-O O-O 11. Rad1 h6 12. Bh4 b5 13. Bb3 Bg4 14. f3 Bh5 15. Kh1 a5 16. a3 Re8 17. Rc1 Be7 18. Rfd1 Kf8 19. Ne2 Red8 20. c4 Rxd1+ 21. Rxd1 Rd8 22. Rxd8+ Bxd8 23. cxb5 cxb5 24. Nc3 b4 25. axb4 axb4 26. Nd5 g5 27. Be1 Nxd5 28. exd5 Be7 29. Bc4 Bg6 30. b3 Bc5 31. g3 g4 32. Kg2 h5 33. Bf2 Bd6 34. h3 f5 35. fxg4 hxg4 36. hxg4 fxg4 37. Kf1 Ke7 38. Ke2 Kf6 39. Kd2 Be4 40. Ke3 Bf3 41. Kd2 Kf5 42. Ke1 e4 43. Kd2 Ke5 44. Be2 Kf5 45. Ke1 0-1

[Event "RA Summer Pickup #1"]
[Site "Ottawa CAN"]
[Date "2004.05.13"]
[Round "2"]
[White "Predescu, Sebastian"]
[Black "Pacey, Kevin"]
[Result "1-0"]
[WhiteElo "2272"]
[BlackElo "2201"]
[PlyCount "63"]
[GameId "2160767911158240"]
[EventDate "2004.05.06"]
[EventType "swiss"]
[EventRounds "6"]
[EventCountry "CAN"]

1. e4 c5 2. Nf3 e6 3. d4 cxd4 4. Nxd4 a6 5. Bd3 Bc5 6. Nb3 Be7 7. Nc3 d6 8. O-O Nf6 9. Be3 O-O 10. f4 Nbd7 11. g4 b5 12. g5 Ne8 13. Qh5 g6 14. Qh6 f6 15. Nd4 Ng7 16. Qxg7+ Kxg7 17. Nxe6+ Kf7 18. Nxd8+ Bxd8 19. gxf6 Nxf6 20. e5 b4 21. Ne4 Nxe4 22. Bxe4 Rb8 23. Rad1 Bh3 24. Rf2 Bh4 25. Rf3 Bg4 26. Rxd6 Bxf3 27. Bxf3 Rfc8 28. e6+ Kf8 29. Rd7 Be7 30. f5 Ke8 31. Bd4 gxf5 32. Bg7 1-0

[Event "RA Summer Pickup #1"]
[Site "Ottawa CAN"]
[Date "2004.05.13"]
[Round "2"]
[White "Veltmann, Alfred"]
[Black "Hawley, Robert"]
[Result "1/2-1/2"]
[WhiteElo "1629"]
[BlackElo "1661"]
[PlyCount "128"]
[GameId "2160767911158241"]
[EventDate "2004.05.06"]
[EventType "swiss"]
[EventRounds "6"]
[EventCountry "CAN"]

1. e4 e5 2. Nf3 Nc6 3. Bb5 a6 4. Ba4 Bc5 5. O-O d6 6. c3 b5 7. Bc2 Bg4 8. d3 Nge7 9. Bg5 f6 10. Be3 Bxe3 11. fxe3 f5 12. h3 Bh5 13. exf5 Nxf5 14. Qe1 Bxf3 15. Rxf3 O-O 16. Bb3+ Kh8 17. Bd5 Nfe7 18. Rxf8+ Qxf8 19. Bf3 Rb8 20. Nd2 b4 21. c4 Qf5 22. Be4 Qf7 23. Qh4 Nf5 24. Qf2 Nce7 25. g4 Nh6 26. Rf1 Rf8 27. Bb7 a5 28. Qxf7 Rxf7 29. Ne4 Kg8 30. Ng5 Rxf1+ 31. Kxf1 Nf7 32. Ne6 c5 33. Kf2 h6 34. Kg3 g5 35. Be4 Nc8 36. Nc7 Nd8 37. Nb5 Kf7 38. Bd5+ Ke7 39. Be4 Nb6 40. b3 Kd7 41. d4 exd4 42. exd4 a4 43. d5 axb3 44. axb3 Nb7 45. Bf5+ Ke7 46. Nc7 Kf6 47. Kf3 Ke5 48. Ke3 h5 49. Ne6 hxg4 50. hxg4 Kf6 51. Nc7 Na5 52. Bc2 Nd7 53. Ke4 Ne5 54. Bd1 Nxg4 55. Bxg4 Nxb3 56. Nb5 Ke7 57. Kd3 Na5 58. Bc8 b3 59. Na3 Kf6 60. Kc3 Ke5 61. Nb1 b2 62. Nd2 Kf4 63. Kxb2 Ke3 64. Kc3 Kf4 1/2-1/2

[Event "RA Summer Pickup #1"]
[Site "Ottawa CAN"]
[Date "2004.05.20"]
[Round "3"]
[White "Pacey, Kevin"]
[Black "Laszlo, Robert"]
[Result "1-0"]
[WhiteElo "2201"]
[BlackElo "1879"]
[PlyCount "55"]
[GameId "2160767911158242"]
[EventDate "2004.05.06"]
[EventType "swiss"]
[EventRounds "6"]
[EventCountry "CAN"]

1. e4 c6 2. d4 d5 3. exd5 cxd5 4. c4 dxc4 5. Bxc4 e6 6. Nf3 Nf6 7. Nc3 Be7 8. O-O O-O 9. Bg5 Nc6 10. Re1 Nd5 11. Bxd5 exd5 12. Bxe7 Nxe7 13. Qb3 b6 14. Rac1 Bb7 15. Nb5 Nc6 16. Ne5 Nxe5 17. Rxe5 Rc8 18. Rce1 a6 19. Nc3 Rc4 20. Re7 Bc6 21. Qd1 Qd6 22. a3 Qf6 23. R1e5 Qh4 24. Ne2 Ba4 25. b3 f6 26. Rxd5 Bxb3 27. Qxb3 Rfc8 28. Qxc4 1-0

[Event "RA Summer Pickup #1"]
[Site "Ottawa CAN"]
[Date "2004.05.27"]
[Round "4"]
[White "Jia, Derek"]
[Black "Veltmann, Alfred"]
[Result "1/2-1/2"]
[WhiteElo "1641"]
[BlackElo "1629"]
[PlyCount "129"]
[GameId "2160767911158243"]
[EventDate "2004.05.06"]
[EventType "swiss"]
[EventRounds "6"]
[EventCountry "CAN"]

1. e4 e5 2. Nf3 Nc6 3. Nc3 Nf6 4. g3 Bc5 5. Bg2 d6 6. d3 h6 7. Na4 Bb6 8. Nxb6 axb6 9. O-O Be6 10. a3 Qc8 11. Bd2 O-O 12. b4 b5 13. Qc1 Kh7 14. c3 Ne7 15. Nh4 Ng6 16. f4 Nxh4 17. fxe5 dxe5 18. gxh4 Ng8 19. Rf3 f5 20. exf5 Bxf5 21. Qf1 c6 22. Re1 Rxa3 23. Rxe5 g6 24. h5 Ra8 25. hxg6+ Bxg6 26. Rxf8 Qxf8 27. Qxf8 Rxf8 28. Be4 Rf7 29. Re6 Bxe4 30. dxe4 Re7 31. Rxe7+ Nxe7 32. Kf2 Ng6 33. Kf3 h5 34. Be3 Kg7 35. Bd4+ Kf7 36. Ke3 Ke6 37. Bg7 Kf7 38. Bd4 Ke6 39. Bg7 Kf7 40. Bh6 Ke6 41. Kd4 Ne5 42. Bf4 Nd7 43. Bh6 b6 44. Ke3 Ne5 45. h3 c5 46. Bg7 Nc6 47. Bf8 cxb4 48. cxb4 Kf7 49. Bd6 Ke6 50. Bc7 Nxb4 51. Bxb6 Nc6 52. Kf4 b4 53. Be3 b3 54. Bc1 Ne5 55. Kg5 Nd3 56. Ba3 Ke5 57. Kxh5 Nf4+ 58. Kg4 Kxe4 59. h4 Ne6 60. Bb2 Nf4 61. Kg5 Nh3+ 62. Kg4 Nf2+ 63. Kg5 Nd3 64. Bg7 Nf4 65. Bb2 1/2-1/2

[Event "RA Summer Pickup #1"]
[Site "Ottawa CAN"]
[Date "2004.05.27"]
[Round "4"]
[White "Pacey, Kevin"]
[Black "Patterson, Roger"]
[Result "1-0"]
[WhiteElo "2201"]
[BlackElo "2185"]
[PlyCount "39"]
[GameId "2160767911158244"]
[EventDate "2004.05.06"]
[EventType "swiss"]
[EventRounds "6"]
[EventCountry "CAN"]

1. e4 e5 2. Nf3 Nc6 3. Bb5 a6 4. Ba4 Nf6 5. O-O b5 6. Bb3 Bc5 7. d3 Bb7 8. a4 h6 9. Nc3 b4 10. Ne2 O-O 11. Ng3 Re8 12. c3 Bf8 13. Ba2 d5 14. exd5 Nxd5 15. Ne4 Qd7 16. Bxh6 f5 17. Bd2 Re6 18. Neg5 Rh6 19. cxb4 Bxb4 20. Qb3 1-0

[Event "RA Summer Pickup #1"]
[Site "Ottawa CAN"]
[Date "2004.06.03"]
[Round "5"]
[White "Nezirovic, Ozren"]
[Black "Pacey, Kevin"]
[Result "0-1"]
[WhiteElo "2094"]
[BlackElo "2201"]
[PlyCount "48"]
[GameId "2160767911158245"]
[EventDate "2004.05.06"]
[EventType "swiss"]
[EventRounds "6"]
[EventCountry "CAN"]

1. e4 e6 2. d3 d5 3. Qe2 dxe4 4. dxe4 Nc6 5. e5 Nd4 6. Qe4 Qd5 7. Bd3 Qxe4+ 8. Bxe4 Bd7 9. Be3 Bc6 10. Bxc6+ Nxc6 11. f4 Nb4 12. Na3 Nd5 13. Bd2 Bxa3 14. bxa3 Nge7 15. Nf3 Nb6 16. O-O-O Ned5 17. g3 h6 18. Kb2 c5 19. Rhe1 Nc4+ 20. Kb3 b5 21. Re4 Nxd2+ 22. Nxd2 c4+ 23. Nxc4 bxc4+ 24. Kxc4 Rc8+ 0-1

[Event "RA Summer Pickup #1"]
[Site "Ottawa CAN"]
[Date "2004.06.10"]
[Round "6"]
[White "Brown, Gabriel"]
[Black "Veltmann, Alfred"]
[Result "1-0"]
[WhiteElo "1665"]
[BlackElo "1629"]
[PlyCount "81"]
[GameId "2160767911158246"]
[EventDate "2004.05.06"]
[EventType "swiss"]
[EventRounds "6"]
[EventCountry "CAN"]

1. c4 c5 2. Nc3 Nf6 3. g3 Nc6 4. Bg2 e5 5. e4 Be7 6. Nge2 O-O 7. O-O d6 8. d3 Bg4 9. f3 Be6 10. Nd5 Rb8 11. f4 Bg4 12. Bf3 Bh3 13. Bg2 Qd7 14. f5 Bxg2 15. Kxg2 Nxd5 16. cxd5 Nb4 17. a3 Na6 18. Nc3 Nc7 19. Qg4 Kh8 20. h4 Rg8 21. Qh3 Qd8 22. Rh1 a6 23. g4 h6 24. Kf2 Kh7 25. g5 h5 26. Ke2 g6 27. Rf1 Qe8 28. Be3 b5 29. Rf2 b4 30. axb4 Rxb4 31. Kd1 Qc8 32. fxg6+ fxg6 33. Rf7+ Kh8 34. Qxc8 Rxc8 35. Rxe7 Rxb2 36. Rb1 Rxb1+ 37. Nxb1 Kg8 38. Nd2 Kf8 39. Rd7 Nb5 40. Nc4 Ra8 41. Nxd6 1-0

[Event "RA Summer Pickup #1"]
[Site "Ottawa CAN"]
[Date "2004.06.10"]
[Round "6"]
[White "Pacey, Kevin"]
[Black "Barber, Glen"]
[Result "1-0"]
[WhiteElo "2201"]
[BlackElo "2038"]
[PlyCount "83"]
[GameId "2160767911158247"]
[EventDate "2004.05.06"]
[EventType "swiss"]
[EventRounds "6"]
[EventCountry "CAN"]

1. f4 d5 2. Nf3 g6 3. g3 Bg7 4. Bg2 Nf6 5. O-O O-O 6. d3 c5 7. Nc3 d4 8. Na4 Qc7 9. c4 Ng4 10. h3 Ne3 11. Bxe3 dxe3 12. Qc1 Bd7 13. Nc3 Nc6 14. Qxe3 e5 15. Qxc5 exf4 16. Nd5 Qc8 17. Qxc6 Bxc6 18. Ne7+ Kh8 19. Nxc8 Raxc8 20. gxf4 Bxf3 21. Rxf3 Bxb2 22. Rb1 Bd4+ 23. e3 Bb6 24. Bf1 Rfe8 25. d4 Rc7 26. Rb5 Rce7 27. Kf2 Kg7 28. f5 f6 29. c5 Bc7 30. Bc4 gxf5 31. Rxb7 f4 32. exf4 Bb8 33. Rfb3 Bxf4 34. d5 Kh6 35. Rxe7 Rxe7 36. Kf3 Be5 37. d6 Rg7 38. Rd3 f5 39. Rd5 Rg3+ 40. Kf2 Rc3 41. Rxe5 Rxc4 42. d7 1-0

[Event "RA Summer Pickup #2"]
[Site "Ottawa CAN"]
[Date "2004.06.24"]
[Round "1"]
[White "Stacey, Jack"]
[Black "Veltmann, Alfred"]
[Result "1/2-1/2"]
[WhiteElo "1407"]
[BlackElo "1592"]
[PlyCount "126"]
[GameId "2160767911096188"]
[EventDate "2004.06.24"]
[EventType "swiss"]
[EventRounds "4"]
[EventCountry "CAN"]

1. e4 e5 2. Nf3 Nc6 3. Bb5 a6 4. Ba4 Nf6 5. O-O Be7 6. Re1 b5 7. Bb3 O-O 8. c3 d6 9. h3 Bb7 10. d4 h6 11. Nbd2 Na5 12. Bc2 exd4 13. cxd4 Nc6 14. a3 Re8 15. Nf1 Bf8 16. Ng3 Ne7 17. Qd3 c5 18. dxc5 dxc5 19. Qxd8 Rexd8 20. Bd2 Ne8 21. Ba5 Rdc8 22. Rad1 Nc6 23. Bd2 Rd8 24. Be3 Nc7 25. Bf4 Ne6 26. Be3 g6 27. Bb3 c4 28. Bc2 Kg7 29. Bd2 Be7 30. Bc3+ Bf6 31. Bxf6+ Kxf6 32. Rxd8 Rxd8 33. Rd1 Rxd1+ 34. Bxd1 Nf4 35. Ne2 Nd3 36. b4 cxb3 37. Bxb3 Nce5 38. Nxe5 Nxe5 39. f4 Nd3 40. e5+ Ke7 41. g3 g5 42. Bc2 Ne1 43. Bb1 Nf3+ 44. Kf2 Nd2 45. Bd3 Nb3 46. Ke3 Nc5 47. Bf5 f6 48. Kd4 Nb3+ 49. Kc3 Bd5 50. Nd4 Nxd4 51. Kxd4 Bc4 52. exf6+ Kxf6 53. Bd3 Be6 54. fxg5+ hxg5 55. g4 Bb3 56. Kc5 Ke5 57. Kb6 Kd4 58. Bf1 Bc4 59. Bg2 Be2 60. Ka5 Kc4 61. Bb7 Bf1 62. Bxa6 Bxh3 63. Bc8 Bf1 1/2-1/2